00411nam a22001337a 450000500170000000800020001705000140001924501190003325000130015226000380016530000300020370000200023370000240025320251027172747.0. aRT41b.P4 aA General Textbook of Nursingcedited by James P. Smith & Patricia A. Downie with a foreword by Virginia Henderson a12th ed. aNew DelhibJaypee Brothers c1982 axvii. 404p.bill.c23.5cm aSmith, James P. aDownie, Patricia A.